Catálogo

LA ACUMULACION EN LOS PAISES CAPITALISTAS SUBDESARROLLADOS (Registro nro. 11240)

Detalles MARC
000 -LEADER
fixed length control field 00589nam a2200193 a 4500
001 - CONTROL NUMBER
control field 11240
005 - DATE AND TIME OF LATEST TRANSACTION
control field 20180713195408.0
008 - FIXED-LENGTH DATA ELEMENTS--GENERAL INFORMATION
fixed length control field 140415s1976 mx 000 0 spa d
041 ## - LANGUAGE CODE
Language code of text/sound track or separate title spa
082 ## - DEWEY DECIMAL CLASSIFICATION NUMBER
Classification number 332.46
Item number BEN
100 1# - MAIN ENTRY--PERSONAL NAME
Personal name BENETTI, CARLO
245 13 - TITLE STATEMENT
Title LA ACUMULACION EN LOS PAISES CAPITALISTAS SUBDESARROLLADOS
250 ## - EDITION STATEMENT
Edition statement 1a ed.
260 ## - PUBLICATION, DISTRIBUTION, ETC.
Place of publication, distribution, etc. MEXICO :
Name of publisher, distributor, etc. FONDO DE CULTURA ECONOMICA,
Date of publication, distribution, etc. 1976
300 ## - PHYSICAL DESCRIPTION
Extent 237
490 ## - SERIES STATEMENT
Series statement SECCION DE OBRAS DE ECONOMIA
650 14 - SUBJECT ADDED ENTRY--TOPICAL TERM
Topical term or geographic name entry element ECONOMIA
General subdivision POLITICA ECONOMICA
-- SISTEMAS ECONOMICOS
700 1# - ADDED ENTRY--PERSONAL NAME
Personal name HERNANDEZ, MARIA ISABEL
Relator term tr.
Existencias
Withdrawn status Lost status Source of classification or shelving scheme Damaged status Not for loan Collection code Home library Current library Shelving location Date acquired Source of acquisition Inventory number Total Checkouts Full call number Barcode Date last seen Price effective from Koha item type
    Dewey Decimal Classification     General Biblioteca Karol Wojtyla Biblioteca Karol Wojtyla Sala general 03/12/2013 Compra 151000000000000000049328   332.46 BEN 26667 05/01/2026 03/12/2013 Libro
    Dewey Decimal Classification     General Biblioteca Karol Wojtyla Biblioteca Karol Wojtyla Sala general 03/12/2013 Compra 151000000000000000049329   332.46 BEN 26668 05/01/2026 03/12/2013 Libro